Mobile satellite communication networks/ (Record no. 1834)

MARC details
000 -LEADER
Fixed length control field 00447nam a2200157 4500
003 - CONTROL NUMBER IDENTIFIER
Control field SEACOMEC
005 - DATE AND TIME OF LATEST TRANSACTION
Control field 20241120151745.0
008 - FIXED-LENGTH DATA ELEMENTS--GENERAL INFORMATION
Fixed length control field 241120b |||||||| |||| 00| 0 eng d
020 ## - INTERNATIONAL STANDARD BOOK NUMBER / ISBN
International Standard Book Number 978-0471720478
Price 200.00
040 ## - CATALOGING SOURCE
Original cataloging agency SEACOMEC
082 ## - DEWEY DECIMAL CLASSIFICATION NUMBER
Classification number 624.3821
Book Number S552
100 ## - MAIN ENTRY--PERSONAL NAME
Personal name Sheriff, Ray E.
245 ## - TITLE STATEMENT
Title Mobile satellite communication networks/
Statement of responsibility Ray E. Sheriff and Y. Fun Hu
260 ## - IMPRINT
Place of publication New Delhi
Name of publisher John Wiley & sons,
Date of publication 2006
942 ## - ADDED ENTRY ELEMENTS (KOHA)
Koha item type Books
Holdings
Withdrawn status Lost status Source of classification Damaged status Not for loan Home library Current library Date acquired Total Checkouts Call number Accession number Date last seen Price effective from Koha item type
    Dewey Decimal Classification     SEACOM ENGINEERING COLLEGE SEACOM ENGINEERING COLLEGE 18/07/2007   624.3821 S552 7633 20/11/2024 20/11/2024 Books
© Seacom Engineering College, All rights reserved.      Powered by Koha